| 000 | 00764nam a2200265Ia 4500 | ||
|---|---|---|---|
| 003 | OSt | ||
| 005 | 20221005043714.0 | ||
| 006 | a|||||r|||| 00| 0 | ||
| 007 | ta | ||
| 008 | 221004b |||||||| |||| 00| 0 eng d | ||
| 020 |
_a9788182904293 (hbk) _cINR 995.00 |
||
| 024 | _a42036 | ||
| 037 |
_b271, 09/02/2019, Eastern Book Linkers _cTextual |
||
| 040 |
_aCRL _cCRL _beng |
||
| 041 |
_2eng _aeng |
||
| 082 | _aQ2, Q7 | ||
| 100 |
_aSharma Ram Nath Au. _9591840 |
||
| 245 | 0 | _aHindu rationale | |
| 260 |
_aGurgaon _bShubhi Publications India _c2017 |
||
| 300 |
_a256p. _ccm. |
||
| 650 | _a RELIGION | ||
| 650 | _aHINDUISM | ||
| 942 |
_hQ2, Q7 _cTEXL _2cc |
||
| 999 |
_c952299 _d952299 |
||